Código electoral (Registro nro. 6534)

Detalles MARC
000 -ENCABEZADO
Número de control [NR] 00907nam a2200241Ia 4500
005 - FECHA Y HORA DE LA ÚLTIMA TRANSACCIÓN
control field 20211108100508.0
008 - DE LONGITUD FIJA DE DATOS DE ELEMENTOS - INFORMACIÓN GENERAL
Elementos de longitud fija [NR] 130821s1979 ck gr 1 spa d
040 ## - FUENTE DE CATALOGACION [NR]
Agencia de catalogación original [NR] Co-BoUCM
Idioma de catalogación [NR] spa
Quien Cataloga Sandra Palacio (modificó)
Quien Clasifica [Nuevo]
041 0# - CODIGO DE IDIOMA [R]
Código de idioma para texto/pista de sonido o título separado [R] Español
245 ## - MENCION DE TITULO [NR]
Título [NR] Código electoral
Mención de responsabilidad, etc. [NR] Compilación Jorge Mario Eastman
260 ## - PUBLICACION, DISTRIBUCION, ETC. (PIE DE IMPRENTA) [R]
Lugar de publicación, distribución, etc. [R] Bogotá (Colombia)
Nombre del editor, distribuidor, etc. [R] Cámara de Representantes
-- Editorial Retina Ltda.
Fecha de publicación, distribución, etc. [R] 1979
300 ## - DESCRIPCION FISICA [R]
Extensión [R] 162 páginas
490 0# - MENCION DE SERIE [R]
Mención de serie [R] Pensadores Políticos Colombianos
Designación numérica/secuencial del volumen [NR] 24
500 ## - NOTA GENERAL [R]
Nota general [NR] Incluye índice
650 04 - ASIENTO SECUNDARIO DE MATERIA - TERMINO TEMATICO [R]
Término temático o nombre geográfico como elemento de entrada [NR] Ciencia política
Subdivisión geográfica [R] Colombia
9 (RLIN) 31246
650 #7 - ASIENTO SECUNDARIO DE MATERIA - TERMINO TEMATICO [R]
Término temático o nombre geográfico como elemento de entrada [NR] Elecciones
Subdivisión general [R] Legislación
Subdivisión geográfica [R] Colombia
9 (RLIN) 13957
650 #7 - ASIENTO SECUNDARIO DE MATERIA - TERMINO TEMATICO [R]
Término temático o nombre geográfico como elemento de entrada [NR] Sufragio
Subdivisión general [R] Legislación
Subdivisión geográfica [R] Colombia
9 (RLIN) 24927
650 #7 - ASIENTO SECUNDARIO DE MATERIA - TERMINO TEMATICO [R]
Término temático o nombre geográfico como elemento de entrada [NR] Voto
Subdivisión general [R] Legislación
Subdivisión geográfica [R] Colombia
9 (RLIN) 26369
690 ## - ASUNTO AGREGADO LOCAL DE ENTRADA - TÉRMINO TEMÁTICO (OCLC, RLIN)
Acceso temático local Ciencia política
9 (RLIN) 340
700 1# - ASIENTO SECUNDARIO - NOMBRE PERSONAL [R]
Nombre personal [NR] Eastman, Jorge Mario
Término de relación [R] compilador
9 (RLIN) 96853
942 ## - ELEMENTOS DE ENTRADA AGREGADOS (KOHA)
Tipo de ítem principal el descrito en 300a Libro
Tema principal Ciencia política
Edición 1
Parte restante de la signatura top. E17
Sistema de clasificación DEWEY
Clasificación 324.861
Existencias
Signatura topográfica Código de barras Última vez visto Ejemplar Costo de reposición Price effective from Tipo de ítem Perdido Sistema de clasificación Dañado No prestable Tipo de ítem específico Suprimido Ubicación habitual Ubicación actual Localización Fecha de creación Proveedor Forma de adquisición Costo
324.861 E17 100148858 06/06/2024 Ej.2 26000.00 24/02/2016 Libro   DEWEY     Libro   Bodega Bodega 3er piso 24/02/2016 12 Donación 0.00